[Event "Angers op 1st"]
[Site "Angers"]
[Date "2006.05.06"]
[Round "1"]
[White "Le Dref, Maurice"]
[Black "Cyrille, Dominique"]
[Result "1-0"]
[WhiteElo "1770"]
[BlackElo "1590"]
[PlyCount "57"]
[EventDate "2006.05.06"]
[EventType "swiss"]
[EventRounds "6"]
[EventCountry "FRA"]
[SourceTitle "EXT 2007"]
[Source "ChessBase"]
[SourceDate "2006.11.23"]
[SourceVersion "1"]
[SourceVersionDate "2006.11.23"]
[SourceQuality "1"]

1. e4 c5 2. d4 cxd4 3. c3 dxc3 4. Nxc3 Nc6 5. Bc4 Nf6 6. Nf3 e6 7. 0-0 d6 8. Qe2 Be7 9. Rd1 0-0 10. e5 Ne8 11. exd6 Bxd6 12. Nb5 Qe7 13. Bg5 f6 14. Bh4 a6 15. Nxd6 Nxd6 16. Bb3 Nf5 17. Rac1 Nxh4 18. Nxh4 Kh8 19. Qh5 Kg8 20. Nf5 Qe8 21. Qe2 Kh8 22. Nd6 Qe7 23. Ba4 Ne5 24. f4 Ng6 25. g3 b5 26. Bb3 Rd8 27. Nf7+ Qxf7 28. Rxd8+ Nf8 29. Rcxc8 1-0